Ranking Polskiego YouTuba - Statystyki

Ogólne statystyki
  • Ten quiz został rozwiązany 235 razy
  • Średni wynik to 6 z 15
Statystyki odpowiedzi
ilość subskrybcji Nazwa Kanału % Poprawnych
4 250 000 Blowek
94%
3 020 000 Friz
93%
3 810 000 reZigiusz
75%
4 150 000 Stuu
75%
3 640 000 SA Wardega
50%
2 820 000 Naruciak
47%
3 450 000 AbstrachujeTV
44%
2 240 000 IsAmu
29%
3 780 000 Bazylland
22%
2 140 000 Kamerzysta
20%
2 250 000 5 Sposobów na...
19%
2 080 000 Karolek
19%
3 080 000 Step Records
18%
2 590 000 Planeta Faktów
17%
2 710 000 DISCO MAREK
13%
Nie znaleziono quizów pasujących do podanych kryteriów
Rozkład punktacji
Procent ludzi z każdym wynikiem
Percentyl według liczby udzielonych odpowiedzi
Twoja historia wyników
Nie rozwiązałeś tego quizu